[Event "IBCA-ol blind 15th"]
[Site "Ohrid"]
[Date "2017.06.25"]
[Round "6.4"]
[White "Almadi, Balazs"]
[Black "Ursic, Aleksander"]
[Result "1-0"]
[WhiteElo "1807"]
[BlackElo "2000"]
[PlyCount "103"]
[EventDate "2017.06.19"]
[EventType "team-swiss"]
[EventRounds "9"]
[EventCountry "MKD"]
[SourceTitle "CBM 179 Extra"]
[Source "ChessBase"]
[SourceDate "2017.08.23"]
[SourceVersion "1"]
[SourceVersionDate "2017.08.23"]
[SourceQuality "1"]
[WhiteTeam "Hungary"]
[BlackTeam "Slovenia"]
[WhiteTeamCountry "HUN"]
[BlackTeamCountry "SLO"]

1. d4 Nf6 2. Nf3 e6 3. g3 b6 4. Bg2 Bb7 5. 0-0 d6 6. c4 Nbd7 7. Nc3 Be7 8. Bf4 0-0 9. Qc2 Rb8 10. Rfd1 h6 11. Rac1 Nh5 12. Bd2 f5 13. e3 c5 14. a3 g6 15. Ne1 Kg7 16. dxc5 bxc5 17. Nb5 Qb6 18. Bc3+ e5 19. Qd2 Bxg2 20. Nxg2 Rf6 21. Ba5 Qc6 22. Nxa7 Qb7 23. Nb5 Rc8 24. Bc3 g5 25. f4 Kg6 26. b3 Ng7 27. Qd5 Qb8 28. Qd2 Qb7 29. Qc2 Kf7 30. Rd2 Rg6 31. Rcd1 Rc6 32. Rd5 Nb6 33. R5d2 Nd7 34. Qd3 gxf4 35. exf4 e4 36. Qd5+ Kf8 37. Bxg7+ Kxg7 38. Qxf5 Nf6 39. Ne3 Ra6 40. Nd5 Nxd5 41. Rxd5 Rf6 42. Qxe4 Rb6 43. Re1 Bf8 44. f5 Qf7 45. Qg4+ Kh7 46. Re6 Rb7 47. a4 Rxe6 48. fxe6 Qf6 49. Qf5+ Kg7 50. Qxf6+ Kxf6 51. a5 Kxe6 52. a6 1-0

[Event "IBCA-ol blind 15th"]
[Site "Ohrid"]
[Date "2017.06.21"]
[Round "3.4"]
[White "Almadi, Balazs"]
[Black "Boer, Jan"]
[Result "1-0"]
[WhiteElo "1807"]
[BlackElo "1711"]
[PlyCount "55"]
[EventDate "2017.06.19"]
[EventType "team-swiss"]
[EventRounds "9"]
[EventCountry "MKD"]
[SourceTitle "CBM 179 Extra"]
[Source "ChessBase"]
[SourceDate "2017.08.23"]
[SourceVersion "1"]
[SourceVersionDate "2017.08.23"]
[SourceQuality "1"]
[WhiteTeam "Hungary"]
[BlackTeam "Netherlands"]
[WhiteTeamCountry "HUN"]
[BlackTeamCountry "NED"]

1. d4 d5 2. c4 c6 3. Nf3 Nf6 4. Qc2 g6 5. Bf4 Bf5 6. Qb3 Qc8 7. e3 Nbd7 8. h3 Bg7 9. Nc3 Be6 10. Rc1 0-0 11. Bd3 Nb6 12. c5 Nc4 13. Qc2 b6 14. b3 Na5 15. b4 Nc4 16. 0-0 Nh5 17. Bh2 Bh6 18. cxb6 axb6 19. Na4 Bxh3 20. Bxc4 Qg4 21. Ne1 b5 22. Be2 Qf5 23. Nc5 Bg4 24. Qxf5 Bxf5 25. g4 Rxa2 26. Bf3 Kh8 27. gxf5 Rg8 28. Kh1 1-0

[Event "IBCA-ol blind 13th"]
[Site "Heraklion"]
[Date "2008.10.25"]
[Round "6.4"]
[White "Platon, Constantin"]
[Black "Almadi, Balazs"]
[Result "1-0"]
[WhiteElo "1400"]
[BlackElo "1400"]
[PlyCount "90"]
[EventDate "2008.10.19"]
[EventType "team-swiss"]
[EventRounds "9"]
[EventCountry "GRE"]
[SourceTitle "EXT 2010"]
[Source "ChessBase"]
[SourceDate "2010.11.25"]
[SourceVersion "1"]
[SourceVersionDate "2010.11.25"]
[SourceQuality "1"]
[WhiteTeam "Moldova (blind)"]
[BlackTeam "Hungary (blind)"]
[WhiteTeamCountry "MDA"]
[BlackTeamCountry "HUN"]

1. e4 e5 2. Nf3 Nc6 3. d4 exd4 4. Nxd4 Nf6 5. Nxc6 dxc6 6. Qxd8+ Kxd8 7. Nc3 Be6 8. Bg5 h6 9. 0-0-0+ Ke7 10. Bf4 Rc8 11. f3 b5 12. a3 g5 13. Be3 a6 14. h4 gxh4 15. Rxh4 Bg7 16. Be2 Rcd8 17. Rdh1 Ng8 18. f4 f6 19. g4 Rd7 20. f5 Bf7 21. Bf3 Kd8 22. g5 fxg5 23. Bxg5+ Ke8 24. e5 Bxe5 25. Bxc6 Bc4 26. Bxh6 Nxh6 27. Re1 Kd8 28. Bxd7 Bxc3 29. bxc3 Kxd7 30. Reh1 Rf8 31. Rxh6 Rxf5 32. Rxa6 Rf1+ 33. Rxf1 Bxf1 34. Kd2 c6 35. Ra7+ Kd6 36. Rg7 Bc4 37. Ke3 Kc5 38. Rg5+ Kb6 39. Kd4 Be2 40. Rg1 Ka5 41. Rg8 Kb6 42. Rb8+ Kc7 43. Ra8 Kb7 44. Re8 Bd1 45. Kc5 Bxc2 1-0

[Event "IBCA-ol blind 13th"]
[Site "Heraklion"]
[Date "2008.10.19"]
[Round "1.4"]
[White "Almadi, Balazs"]
[Black "Jumabekov, Maxut"]
[Result "1/2-1/2"]
[WhiteElo "1400"]
[BlackElo "1400"]
[PlyCount "69"]
[EventDate "2008.10.19"]
[EventType "team-swiss"]
[EventRounds "9"]
[EventCountry "GRE"]
[SourceTitle "EXT 2010"]
[Source "ChessBase"]
[SourceDate "2010.11.25"]
[SourceVersion "1"]
[SourceVersionDate "2010.11.25"]
[SourceQuality "1"]
[WhiteTeam "Hungary (blind)"]
[BlackTeam "Kazakhstan (blind)"]
[WhiteTeamCountry "HUN"]
[BlackTeamCountry "KAZ"]

1. d4 Nf6 2. c4 g6 3. Nc3 Bg7 4. e4 d6 5. Nge2 0-0 6. Ng3 e5 7. d5 a5 8. Be2 Na6 9. 0-0 Nc5 10. Be3 Ne8 11. Qd2 f5 12. exf5 Bxf5 13. Nxf5 gxf5 14. f3 Nf6 15. Qc2 Qd7 16. Rab1 b6 17. b3 Rfe8 18. Bxc5 bxc5 19. Bd3 e4 20. fxe4 Ng4 21. exf5 Ne3 22. Qd2 Bd4 23. Kh1 Qg7 24. Ne4 Nxf1 25. Rxf1 Bf6 26. Rf3 Kh8 27. h3 Re5 28. g4 Rae8 29. Qc2 Qe7 30. Re3 h6 31. Qg2 Bg5 32. Re2 Kg7 33. Qf3 Bf6 34. Kg2 Kh8 35. Kg3 1/2-1/2